| 000 | 02316cam a22002054a 4500 | ||
|---|---|---|---|
| 005 | 20250605164406.0 | ||
| 008 | 250528s ||||||||||||||||||||||||d | ||
| 035 | _a24840 | ||
| 040 |
_aGR-AtMCL _bgre _dGR-AtMCL _eAACR2 |
||
| 245 | 1 | _aΤο Επιχειρηματικό Σχέδιο / Πρακτικός Οδηγός για τις Μικρές και Μεσαίες Επιχειρήσεις | |
| 250 | _a6η | ||
| 260 | _c2022 | ||
| 300 | _a136 | ||
| 520 | _aΠρόλογος, Εισαγωγή, Το Επιχειρηματικό Σχέδιο, Τί είναι το Επιχειρηματικό Σχέδιο, Πλεονεκτήματα του Επιχειρηματικού Σχεδίου, Πόσο Σημαντικό είναι το Επιχειρηματικό Σχέδιο, Δομή του Επιχειρηματικού Σχεδίου, Κορμός του Επιχειρηματικού Σχεδίου, Περιεχόμενα, Πληροφοριακό Δελτίο της Επιχείρησης, Επιχειρηματικό Περιβάλλον, Σχέδιο Marketing, Στόχος Πωλήσεων, Τιμολόγηση, Πελάτες, Προβολή και Διαφήμιση και Προώθηση, Λειτουργικό Σχέδιο, Λειτουργία της Επιχείθρησης, Τοποθεσία και Διευκολύνσεις, Εξοπλισμός, Προμηθευτές και Υπηρεσίες, Ανθρώπινο Δυναμικό και Οργάνωση και Διοίκηση, Προσωπικό και Διοίκηση, Οργανωτική Δομή, Οικονομικ΄ά Στοιχεία, Προσωπικά Οικονομικά Στοιχεία, Χρηματοδοτικά Εργαλεία, Οικονομικά Στοιχεία Επιχείρησης, Προϋπολογισμός Μετρητών, Προγραμματισμός, Στατιστικά Στοιχεία και Συγκρίσεις, Ανάλυση Πιθανών Προβλημάτων, Σχεδιάζοντας το Παρόν και το Μέλλον, Επίλογος, Πίνακες, Παραρτήματα, Βιβλιογραφία. | ||
| 700 | 1 |
_aΚοκκορής Θεόδωρος _99582 |
|
| 700 | 1 |
_aΚοκκορής Θόδωρος Δ _99583 |
|
| 942 | _cBK | ||
| 999 |
_c9679 _d9679 |
||